| 000 | 00727nam a22002297a 4500 | ||
|---|---|---|---|
| 005 | 20180810125202.0 | ||
| 010 | _aENG-123719 | ||
| 020 |
_a9780198095170 _c695.00 |
||
| 035 | _aEN-107251 | ||
| 037 | _bDBAD/PUB | ||
| 082 | _a658.15 | ||
| 100 | _aBanerjee, Arindam | ||
| 245 |
_aFiancial management / _cby Arindam Banerjee; forwarded by Shankar Jadhav |
||
| 260 |
_c2016 _aNew Delhi _bOxford University Press |
||
| 270 |
_aYMCA Library Building, 1 Jai Singh Road, _bNew Delhi _e110001 |
||
| 300 |
_c25cm(pbk) _axxi,656p. _bill. |
||
| 500 | _aIt include index | ||
| 500 | _aOnline Resources for teachers and students | ||
| 700 | _aJadhav, Shankar | ||
| 700 | _a | ||
| 942 |
_cEN _2ddc _mBAN _h658.15 |
||
| 999 |
_c155745 _d155745 |
||